000 00667nam a2200241Ia 4500
003 OSt
005 20220925181849.0
006 a|||||r|||| 00| 0
007 ta
008 220923b |||||||| |||| 00| 0 eng d
020 _a0226706923
037 _cGeneral Book
040 _aRTL
_cRTL
_beng
041 _2eng
_aeng
082 _aR34:g, M4
100 _aGewirth Alan
_980933
245 0 _aEthical rationalism
_b Critical essays. Ed by Edward
260 _aChicago
_bUniversity of Chicago
_c1984
300 _avi, 268p
_ccm.
650 _aMetaphysics
_913358
942 _hR34:g, M4
_cGB
_2CC
999 _c500540
_d500540